| 000 | 00592nam a22001817a 4500 | ||
|---|---|---|---|
| 003 | OSt | ||
| 005 | 20251121145345.0 | ||
| 008 | 251121b |||||||| |||| 00| 0 eng d | ||
| 020 | _a962-8734-66-0 | ||
| 040 |
_aDWC-Main lib _cOC |
||
| 082 | _aRes. 641.692 Si612 2002 | ||
| 245 | _aSimply delicious slices | ||
| 260 |
_aSingapore : _bPeriplus, _cc2002 |
||
| 300 |
_a64 p. : _bcolored illustration : _c 20 cm. |
||
| 504 | _aIncludes index | ||
| 700 |
_aCarter, Rachel _eeditor |
||
| 942 |
_2ddc _cBK-0 CIRC _ePeriplus editions _hRes. 641.692 Si612 2002 _kRes. _n0 |
||
| 999 |
_c6017 _d6017 |
||